| 000 | 00876nam a2200205 a 4500 | ||
|---|---|---|---|
| 003 | 0 | ||
| 005 | 20250505150848.0 | ||
| 008 | 021114s19uu xx 00 eng d | ||
| 050 |
_aPGS PN 2870.P5 _b.M553 2002 |
||
| 100 | _aMercado, Eric Patrick Y. | ||
| 245 |
_aPerceptions of first year high school students on Philippine musical theater / _cEric Patrick Y. Mercado. |
||
| 260 |
_aLas PiƱas City, Philippines : _bSouthville International School and Colleges, _c2002. |
||
| 300 |
_a23 pages : _billustrations ; _c28 cm. |
||
| 504 | _aIncludes bibliographical references. | ||
| 650 |
_aMusical theater _zPhilippines _vPublic opinion. |
||
| 650 |
_aPhilippine musical theater _vAppreciation _vHigh school students. |
||
| 650 |
_aHigh school students _zPhilippines _vAttitudes toward musical theater. |
||
| 650 |
_aTheater _vAppreciation _zPhilippines _vYouth. |
||
| 942 |
_2lcc _cPASS |
||
| 999 |
_c96639 _d96639 |
||